00413 2200169 4500245004900000020002200049250000900071100001800080700001700098650002000115005001900135260002900154041001400183084001100197300002600208336000900234 aKonspirasi Alam SemestacFiersa BesarihText a978-979-794-535-0 a2019 aFiersa Besari aJuliagar R.N aFiksi Indonesia a20240906131033 aJakartabMediakitac2018 aIndonesia a808.83 avi + 238 hlm :c19 cm atext